Quinto informe de gobierno 1993.

保存先:
書誌詳細
第一著者: Salinas de Gortari, Carlos (autor)
フォーマット: 図書
言語:スペイン語
主題:
タグ: タグ追加
タグなし, このレコードへの初めてのタグを付けませんか!

MARC

LEADER 00000cam^a2200000uu^4500
001 000460999
005 20250521000000.0
008 050901s1993^^^^^^^^^^^^rd^r^^000^0^spa^d
009 20260310124211.824
022 |a 9688205036 
035 |a FCE 000003493 
035 |a FCE 013396 
037 |a Acervo ITESO - Biblioteca 
041 |a spa 
082 0 4 |a 320.972  |b MEXs 1993 
100 |a Salinas de Gortari, Carlos  |e (autor) 
245 1 0 |a Quinto informe de gobierno 1993. 
264 |a México :  |b Presidencia de la República,  |c 1993. 
300 |a 2 vol. 
336 |a texto  |b txt  |2 rdacontenido 
337 |a sin mediación  |b n  |2 rdamedio 
338 |a volumen  |b nc  |2 rdasoporte 
649 |a XX 
650 |a Política 
650 |a Gobierno 
650 |a Informe de gobierno 
910 |a Fondo Centro de Estudios Educativos 
920 |a Impresos - Libros 
930 |a Fondos Especiales 
905 |a 133 
901 |a ALE013396  |b IT2  |c CEE  |u 20250521 
901 |a ALE046430  |b IT2  |c CEE  |u 20250521 
901 |a ALE046431  |b IT2  |c CEE  |u 20250521 
902 |a https://opac.biblio.iteso.mx/vufind/Record/000460999